25 años del Instituto Federal de Capacitación del Magisterio (Record no. 61584)

MARC details
000 -CABECERA
campo de control de longitud fija 00715nab a2200229 ab4500
005 - FECHA Y HORA DE LA ÚLTIMA TRANSACCIÓN
campo de control 20251125120716.0
008 - ELEMENTOS DE LONGITUD FIJA--INFORMACIÓN GENERAL
campo de control de longitud fija 991125d1970 mx mr p 000 spa d
003 - IDENTIFICADOR DEL NÚMERO DE CONTROL
campo de control
035 ## - NÚMERO DE CONTROL DEL SISTEMA
Número de control de sistema UPN01000062226
040 ## - FUENTE DE LA CATALOGACIÓN
Centro catalogador/agencia de origen MX-MxUPN
Lengua de catalogación spa
Centro/agencia transcriptor MX-MxUPN
Normas de descripción aacr
100 1# - ASIENTO PRINCIPAL--NOMBRE PERSONAL
Nombre de persona Almaraz Arias, Camilo
245 1# - MENCIÓN DE TÍTULO
Título 25 años del Instituto Federal de Capacitación del Magisterio
650 04 - ASIENTO SECUNDARIO DE MATERIA - TERMINO TEMATICO
Término de materia o nombre geográfico como elemento de entrada Educación rural
9 (RLIN) 9764
653 0# - TERMINO DE INDIZACION - NO CONTROLADO
Término no controlado Formación de maestros
650 04 - ASIENTO SECUNDARIO DE MATERIA - TERMINO TEMATICO
Término de materia o nombre geográfico como elemento de entrada Historia
9 (RLIN) 1690
653 0# - TERMINO DE INDIZACION - NO CONTROLADO
Término no controlado Politica educativa
773 ## - ENLACE AL DOCUMENTO FUENTE/ENTRADA DE REGISTRO ANFITRIÓN
Parte(s) relacionada(s) No. 108, (1970), p. 40-42
Título Magisterio: Sindicato Nacional de Trabajadores de la Educación
Número Internacional Normalizado para Publicaciones Seriadas 0186-9663
902 ## - ELEMENTOS DE DATOS B LOCAL, LDB (RLIN)
Creó Leonor Sotres/251125
904 ## - ELEMENTOS DE DATOS D LOCAL, LDD (RLIN)
a AC
b 000037
905 ## - TIPO DE MATERIAL
Tipo de material Articulo
942 ## - ELEMENTOS DE PUNTO DE ACCESO ADICIONAL (KOHA)
Tipo de ítem Koha Artículo Impreso
Holdings
Estado de retiro Estado de pérdida Estado dañado No para préstamo Código de colección Localización permanente Ubicación/localización actual Ubicación en estantería Fecha de adquisición Total de préstamos Fecha visto por última vez Precio válido a partir de Tipo de ítem Koha
      Disponible (Préstamo en sala) Revistas Bib. Gregorio Torres Quintero Bib. Gregorio Torres Quintero Hemeroteca Sótano 25/11/2025   25/11/2025 25/11/2025 Artículo Impreso